Największe kraje z każdego kontynentu - Statystyki

Ogólne statystyki
  • Ten quiz został rozwiązany 132 razy
    94 od ostatniego zresetowania
  • Średni wynik to 6 z 6
Statystyki odpowiedzi
Hint Odpowiedź % Poprawnych
Azja Rosja
100%
Europa Rosja
100%
Ameryka płd. Brazylia
99%
Ameryka płn. Kanada
97%
Oceania Australia
96%
Afryka Algieria
79%
Nie znaleziono quizów pasujących do podanych kryteriów
Rozkład punktacji
Procent ludzi z każdym wynikiem
Percentyl według liczby udzielonych odpowiedzi
Twoja historia wyników
Nie rozwiązałeś tego quizu od ostatniego zresetowania